<?xml version="1.0" encoding="UTF-8"?>
<record
    xmlns:xsi="http://www.w3.org/2001/XMLSchema-instance"
    xsi:schemaLocation="http://www.loc.gov/MARC21/slim http://www.loc.gov/standards/marcxml/schema/MARC21slim.xsd"
    xmlns="http://www.loc.gov/MARC21/slim">

  <leader>00855nam a22001577a 4500</leader>
  <controlfield tag="003">OSt</controlfield>
  <controlfield tag="005">20151114152836.0</controlfield>
  <controlfield tag="008">151114b        xxu||||| |||| 00| 0 eng d</controlfield>
  <datafield tag="040" ind1=" " ind2=" ">
    <subfield code="c">RUA</subfield>
  </datafield>
  <datafield tag="082" ind1=" " ind2=" ">
    <subfield code="a">FOR YUN 2013 B142 Or.1</subfield>
  </datafield>
  <datafield tag="100" ind1=" " ind2=" ">
    <subfield code="9">3683</subfield>
    <subfield code="a">YUN, CHANBOREY.</subfield>
  </datafield>
  <datafield tag="245" ind1=" " ind2=" ">
    <subfield code="a">Counting bird tmatpoey thern krasang community  protected area kulen prumtep wildlife sanctuary preah vihear province, &#x1780;&#x17B6;&#x179A;&#x1792;&#x17D2;&#x179C;&#x17BE;&#x179F;&#x17B6;&#x179A;&#x1796;&#x17BE;&#x1797;&#x17D0;&#x178E;&#x17D2;&#x178C;&#x179F;&#x178F;&#x17D2;&#x179C;&#x179F;&#x17D2;&#x179B;&#x17B6;&#x1794;&#x1780;&#x17D2;&#x1793;&#x17BB;&#x1784;&#x179F;&#x1782;&#x1798;&#x1793;&#x17CD;&#x178F;&#x17C6;&#x1794;&#x1793;&#x17CB;&#x1780;&#x17B6;&#x179A;&#x1796;&#x17B6;&#x179A; &#x1792;&#x1798;&#x17D2;&#x1798;&#x1787;&#x17B6;&#x178F;&#x17B7;&#x178F;&#x17D2;&#x1798;&#x17B6;&#x178F;&#x1794;&#x17C9;&#x17BE;&#x1799; &#x1792;&#x17BF;&#x1793;&#x1780;&#x17D2;&#x179A;&#x179F;&#x17B6;&#x17C6;&#x1784; &#x1780;&#x17D2;&#x1793;&#x17BB;&#x1784;&#x178A;&#x17C2;&#x1793;&#x1787;&#x17C6;&#x179A;&#x1780;&#x179F;&#x178F;&#x17D2;&#x179C;&#x1796;&#x17D2;&#x179A;&#x17C3;&#x1782;&#x17BC;&#x179B;&#x17C2;&#x1793;&#x1796;&#x17D2;&#x179A;&#x17A0;&#x17D2;&#x1798;&#x1791;&#x17C1;&#x1796; &#x1781;&#x17C1;&#x178F;&#x17D2;&#x178F;&#x1796;&#x17D2;&#x179A;&#x17C7;&#x179C;&#x17B7;&#x17A0;&#x17B6;&#x179A;</subfield>
  </datafield>
  <datafield tag="260" ind1=" " ind2=" ">
    <subfield code="a">Phnom Penh</subfield>
    <subfield code="b">RUA</subfield>
    <subfield code="c">2013</subfield>
  </datafield>
  <datafield tag="300" ind1=" " ind2=" ">
    <subfield code="a">ix; 48p.</subfield>
    <subfield code="b">ill.</subfield>
    <subfield code="c">29cm.</subfield>
  </datafield>
  <datafield tag="942" ind1=" " ind2=" ">
    <subfield code="2">ddc</subfield>
    <subfield code="c">FOR</subfield>
  </datafield>
  <datafield tag="999" ind1=" " ind2=" ">
    <subfield code="c">3431</subfield>
    <subfield code="d">3431</subfield>
  </datafield>
  <datafield tag="952" ind1=" " ind2=" ">
    <subfield code="0">0</subfield>
    <subfield code="1">0</subfield>
    <subfield code="2">ddc</subfield>
    <subfield code="4">0</subfield>
    <subfield code="6">FOR_YUN_2013_000000000000000_B142_OR_1</subfield>
    <subfield code="7">0</subfield>
    <subfield code="9">16350</subfield>
    <subfield code="a">LBB</subfield>
    <subfield code="b">LBB</subfield>
    <subfield code="c">B142</subfield>
    <subfield code="d">2015-11-14</subfield>
    <subfield code="o">FOR YUN 2013 B142 Or.1</subfield>
    <subfield code="p">RUA027229</subfield>
    <subfield code="r">2015-11-14</subfield>
    <subfield code="w">2015-11-14</subfield>
    <subfield code="y">FOR</subfield>
  </datafield>
  <datafield tag="952" ind1=" " ind2=" ">
    <subfield code="0">0</subfield>
    <subfield code="1">0</subfield>
    <subfield code="2">ddc</subfield>
    <subfield code="4">0</subfield>
    <subfield code="6">FOR_YUN_2013_000000000000000_B142_OR_2</subfield>
    <subfield code="7">0</subfield>
    <subfield code="9">16351</subfield>
    <subfield code="a">LBB</subfield>
    <subfield code="b">LBB</subfield>
    <subfield code="c">B142</subfield>
    <subfield code="d">2015-11-14</subfield>
    <subfield code="o">FOR YUN 2013 B142 Or.2</subfield>
    <subfield code="p">RUA027157</subfield>
    <subfield code="r">2015-11-14</subfield>
    <subfield code="w">2015-11-14</subfield>
    <subfield code="y">FOR</subfield>
  </datafield>
  <datafield tag="952" ind1=" " ind2=" ">
    <subfield code="0">0</subfield>
    <subfield code="1">0</subfield>
    <subfield code="2">ddc</subfield>
    <subfield code="4">0</subfield>
    <subfield code="6">FOR_YUN_2013_000000000000000_B142_OR_3</subfield>
    <subfield code="7">0</subfield>
    <subfield code="9">16352</subfield>
    <subfield code="a">LBB</subfield>
    <subfield code="b">LBB</subfield>
    <subfield code="c">B142</subfield>
    <subfield code="d">2015-11-14</subfield>
    <subfield code="l">3</subfield>
    <subfield code="o">FOR YUN 2013 B142 Or.3</subfield>
    <subfield code="p">RUA027301</subfield>
    <subfield code="r">2024-07-09</subfield>
    <subfield code="s">2024-05-08</subfield>
    <subfield code="w">2015-11-14</subfield>
    <subfield code="y">FOR</subfield>
  </datafield>
  <datafield tag="952" ind1=" " ind2=" ">
    <subfield code="0">0</subfield>
    <subfield code="1">0</subfield>
    <subfield code="2">ddc</subfield>
    <subfield code="4">0</subfield>
    <subfield code="6">FOR_YUN_2013_000000000000000_B142_OR_4</subfield>
    <subfield code="7">0</subfield>
    <subfield code="9">16353</subfield>
    <subfield code="a">LBB</subfield>
    <subfield code="b">LBB</subfield>
    <subfield code="c">B142</subfield>
    <subfield code="d">2015-11-14</subfield>
    <subfield code="o">FOR YUN 2013 B142 Or.4</subfield>
    <subfield code="p">RUA027020</subfield>
    <subfield code="r">2015-11-14</subfield>
    <subfield code="w">2015-11-14</subfield>
    <subfield code="y">FOR</subfield>
  </datafield>
  <datafield tag="952" ind1=" " ind2=" ">
    <subfield code="0">0</subfield>
    <subfield code="1">0</subfield>
    <subfield code="2">ddc</subfield>
    <subfield code="4">0</subfield>
    <subfield code="6">FOR_YUN_2013_000000000000000_B142_OR_5</subfield>
    <subfield code="7">0</subfield>
    <subfield code="9">16354</subfield>
    <subfield code="a">LBB</subfield>
    <subfield code="b">LBB</subfield>
    <subfield code="c">B142</subfield>
    <subfield code="d">2015-11-14</subfield>
    <subfield code="l">4</subfield>
    <subfield code="m">1</subfield>
    <subfield code="o">FOR YUN 2013 B142 Or.5</subfield>
    <subfield code="p">RUA027024</subfield>
    <subfield code="r">2024-05-08</subfield>
    <subfield code="s">2024-03-27</subfield>
    <subfield code="w">2015-11-14</subfield>
    <subfield code="y">FOR</subfield>
  </datafield>
  <datafield tag="952" ind1=" " ind2=" ">
    <subfield code="0">0</subfield>
    <subfield code="1">0</subfield>
    <subfield code="2">ddc</subfield>
    <subfield code="4">0</subfield>
    <subfield code="6">FOR_YUN_2013_000000000000000_B142_OR_6</subfield>
    <subfield code="7">0</subfield>
    <subfield code="9">16355</subfield>
    <subfield code="a">LBB</subfield>
    <subfield code="b">LBB</subfield>
    <subfield code="c">B142</subfield>
    <subfield code="d">2015-11-14</subfield>
    <subfield code="o">FOR YUN 2013 B142 Or.6</subfield>
    <subfield code="p">RUA027450</subfield>
    <subfield code="r">2015-11-14</subfield>
    <subfield code="w">2015-11-14</subfield>
    <subfield code="y">FOR</subfield>
  </datafield>
  <datafield tag="952" ind1=" " ind2=" ">
    <subfield code="0">0</subfield>
    <subfield code="1">0</subfield>
    <subfield code="2">ddc</subfield>
    <subfield code="4">0</subfield>
    <subfield code="6">FOR_YUN_2013_000000000000000_B142_OR_7</subfield>
    <subfield code="7">0</subfield>
    <subfield code="9">16356</subfield>
    <subfield code="a">LBB</subfield>
    <subfield code="b">LBB</subfield>
    <subfield code="c">B142</subfield>
    <subfield code="d">2015-11-14</subfield>
    <subfield code="o">FOR YUN 2013 B142 Or.7</subfield>
    <subfield code="p">RUA027376</subfield>
    <subfield code="r">2015-11-14</subfield>
    <subfield code="w">2015-11-14</subfield>
    <subfield code="y">FOR</subfield>
  </datafield>
  <datafield tag="952" ind1=" " ind2=" ">
    <subfield code="0">0</subfield>
    <subfield code="1">0</subfield>
    <subfield code="2">ddc</subfield>
    <subfield code="4">0</subfield>
    <subfield code="6">FOR_YUN_2013_000000000000000_B142_OR_8</subfield>
    <subfield code="7">0</subfield>
    <subfield code="9">16357</subfield>
    <subfield code="a">LBB</subfield>
    <subfield code="b">LBB</subfield>
    <subfield code="c">B142</subfield>
    <subfield code="d">2015-11-14</subfield>
    <subfield code="o">FOR YUN 2013 B142 Or.8</subfield>
    <subfield code="p">RUA027374</subfield>
    <subfield code="r">2015-11-14</subfield>
    <subfield code="w">2015-11-14</subfield>
    <subfield code="y">FOR</subfield>
  </datafield>
</record>
